|
|
|
|
| LEADER |
01087cam a2200265 7i4500 |
| 001 |
0000010066 |
| 005 |
20170601090000.0 |
| 008 |
070607 bm |
| 020 |
|
|
|a 9789676119285 (pbk.)
|
| 020 |
|
|
|a 9676119288 (pbk.)
|
| 090 |
0 |
0 |
|a LB2338
|b .S25 2007
|
| 100 |
0 |
|
|a Siti Alida John Abdullah
|
| 245 |
1 |
0 |
|a Kewangan & pelajar IPT
|c Siti Alida John Abdullah, Halimah @ Nasibah Ahmad.
|
| 246 |
3 |
|
|a Kewangan dan pelajar IPT.
|
| 260 |
|
|
|a Kuala Lumpur:
|b Utusan Pub. & Dis. Sdn. Bhd.,
|c 2007.
|
| 300 |
|
|
|a ix, 156 p.:
|b ill.;
|c 22 cm.
|
| 490 |
0 |
|
|a Siri motivasi dan kecermelangan utusan
|
| 650 |
0 |
0 |
|a Education, Higher --
|x Finance --
|z Malaysia
|
| 651 |
|
0 |
|a Malaysia --
|x Education, Higher
|
| 700 |
0 |
|
|a Halimah @ Nasibah Ahmad
|
| 997 |
|
|
|a Education & Social Sciences, Faculty
|b Education, Department
|
| 999 |
|
|
|a 0000019372
|b BOK
|c OPEN SHELF
|e 1st Floor, Bestari Jaya
|
| 999 |
|
|
|a 0000020586
|b BOK
|c OPEN SHELF
|e 1st Floor, Bestari Jaya
|
| 999 |
|
|
|a 0000020587
|b BOK
|c OPEN SHELF
|e 1st Floor, Bestari Jaya
|
| 999 |
|
|
|a 0000047498
|b BOK
|c OPEN SHELF
|e 1st Floor, Shah Alam
|